004010000a22001210004500060000800000082002200008100001500030245013100045260004600176260000900222300000800231650004000239 a100 a581.954 82 FYS.02 aFyson, P F aFlora of the Nilgiri and pulney Hill tops ( above 6500 feets ) ; being the wild and commoner. Introduced flowering plants V II aDehradun, Bishen singh Mahendra Pal singh c1974 a286 aFlowering plants in the Hill tops /